15 Countries that Celebrates Halloween the Most (2025) - Statistics

General Stats
  • This quiz has been taken 43 times
  • The average score is 14 of 15
Answer Stats
Capital Country % Correct
Washington D.C USA
100%
Ottawa Canada
98%
Brasilia Brazil
95%
Guatemala City Guatemala
95%
Mexico City Mexico
95%
London UK
95%
Beijing China
93%
Berlin Germany
93%
Madrid Spain
93%
Salvador City El Salvador
90%
Dublin Ireland
88%
Lima Peru
83%
Manila Phillippines
83%
Bogota Colombia
80%
Quito Ecuador
73%
No matching quizzes found
Score Distribution
Percent of People with Each Score
Percentile by Number Answered
Your Score History
You have not taken this quiz